000 00585nam a2200229Ia 4500
003 OSt
005 20220924152326.0
006 a|||||r|||| 00| 0
007 ta
008 220923b |||||||| |||| 00| 0 ara d
024 _a342028
037 _cTextual
040 _aARTS
_cARTS
_bara
041 _2ara
_aara
082 _aQ7wD671, 28G5.1
100 _aNasr Umar Abu Au.
_9174199
245 0 _aAbu Bakar Al-Siddeeq
260 _c1935
650 _aISLAM
_9577
942 _hQ7wD671, 28G5.1
_cTEXL
_2CC
999 _c469471
_d469471